000 00293nam a22001337a 4500
008 181022b xxu||||| |||| 00| 0 eng d
020 _a9780262541473
041 _aeng
080 _a320
100 _a21
101 _aSHP
245 _aThe Democracy SourceBook
_cDahl,R.A
942 _2udc
_cBK
999 _c50398
_d50398